AH International Schools' Libraries

The snail and the whale / (Record no. 49345)

MARC details
000 -LEADER
fixed length control field 00328nam a2200109 4500
020 ## - INTERNATIONAL STANDARD BOOK NUMBER
International Standard Book Number 9781509801213
100 ## - MAIN ENTRY--PERSONAL NAME
Personal name Donaldson, Julia
9 (RLIN) 45441
245 ## - TITLE STATEMENT
Title The snail and the whale /
Statement of responsibility, etc Julia Donaldson & Axel Scheffler
260 ## - PUBLICATION, DISTRIBUTION, ETC. (IMPRINT)
Place of publication, distribution, etc London
Name of publisher, distributor, etc Macmillan Children's Books
Date of publication, distribution, etc 2015
300 ## - PHYSICAL DESCRIPTION
Extent unpaged.
Other physical details col. ill.
Dimensions 25 cm.
942 ## - ADDED ENTRY ELEMENTS (KOHA)
Source of classification or shelving scheme
Koha item type Book
Holdings
Withdrawn status Lost status Source of classification or shelving scheme Damaged status Not for loan Collection code Home library Current library Date acquired Total Checkouts Full call number Barcode Checked out Date last seen Date checked out Price effective from Koha item type Shelving location
          Primary Asian Hope Early Years Library Asian Hope Early Years Library 08/19/2025 5 E DON 208890 02/26/2026 02/26/2026 02/26/2026 08/19/2025 Book  
          TEACHERS' RESOURCES Asian Hope Early Years Library Asian Hope Early Years Library 02/10/2026   E DON 211089   02/10/2026   02/10/2026 Book Easy Reading

For any Logos Library related questions please contact Miss Art at swongnarasuk@asianhope.org.

For any Asian Hope Library related questions please contact Miss Raza at graza@asianhope.org.

Click here to explore our ebooks!

Powered by Koha